1132 1325 1271 1837 1109 1582 1661 1919 1849 1014 1439 1217 1690 1727 1550 1308 1512 1614 1976 1882 1553 1569 1786 1877 1628 1237 1217 1477 1865 1135 1548 1097 1076 1845 1160 1137 1189 1927 1192 1610 1696 1888 1302 1820 1568 1581 1398 1177 1388 1526 1748 1262 1369 1913 1993 1382 1369 1601 1634 1837 1375 1318 1095 1247 1516 1033 1437 1201 1484 1368 1635 1165 1020 1674 1185 1856 1929 1333 1668 1508 1354 1448 1837 1597 1762 1798 1717 1400 1729 1391 1585 1475 1421 1537 1389 1273 1586 1533 1371 BCNSPRNW ULIB Ver.6.0+V

เปลี่ยนเป็นภาษาไทย

Change to English
 แสดงรายละเอียดบรรณานุกรม
  กลับหน้าหลัก

Brief Record : Get Marc (ISO 2709) : E-mail record : QR code < ปิดหน้าต่าง
LEADER : 00000nam 2200000uu 4500
001    13399128862
003     ULIB
008    241021s2565||||th 000 0 tha d
020    ^a9789749747759
050    ^aนว^bท471ท
100    ^aทิพย์ นาถสุภา
245    ^aทิพยนิมิต/^cทิพย์ นาถสุภา
260    ^aกรุงเทพฯ :^bชนนิยม,^c2565
300    ^a143 หน้า;^b21 ซม.
650    ^aวรรณคดีสันสกฤต
945    ^p350^l0^i011121
999    ^aประนอม เกษจรัล
รายการนี้ยังไม่มีแท็ก
คุณยังไม่ได้ล็อกอิน คุณสามารถมีกิจกรรมร่วมกับเว็บไซต์ได้ แต่ต้องล็อกอินก่อน ::
  ล็อกอิน

รายการสื่อสารสนเทศ

ลำดับที่ ประเภท เลขเรียก/บาร์โค้ด สถานที่ สถานะ
1. นวนิยาย
นวนิยาย
นว ท471ท ฉ.1 
  Barcode: 011121
ห้องสมุดวิทยาเขตสวรรค์ประชารักษ์
►นวนิยาย
บนชั้น
  ขอยืม

รายการใกล้เคียง
    ผู้แต่ง [ทิพย์ นาถสุภา]

    หัวเรื่อง [วรรณคดีสันสกฤต]

BibComment


ยังไม่เคยถูกคอมเมนท์

คอมเมนท์ทรัพยากรรายการนี้
  คอมเมนท์: ทิพยนิมิต ทิพย์ ..


 Copyright 2026. Bcnsprnw @Library